skbl

Dr Suryya Kumar Bhuyan Library Web-OPAC
ডঃ সূৰ্য্য
কুমাৰ ভূঞা পুথিভঁৰাল ৱেব-অ'পেক

All Research Scholars are advised to clear the annual library fees to continue using Library Resources, Remote Access, Plagiarism Test and Library Clearance.

Cotton University Book Fair 2026

Internetworking with TCP/IP vol-11;Design implementation, and internals / (Record no. 2842)

MARC details
000 -LEADER
fixed length control field 00780nam a2200253Ia 4500
001 - CONTROL NUMBER
control field 2854
005 - DATE AND TIME OF LATEST TRANSACTION
control field 20240113233558.0
007 - PHYSICAL DESCRIPTION FIXED FIELD--GENERAL INFORMATION
fixed length control field ta
008 - FIXED-LENGTH DATA ELEMENTS--GENERAL INFORMATION
fixed length control field 050311s2003 a g b000 u eng u
040 ## - CATALOGING SOURCE
Original cataloging agency General.Computer
041 ## - LANGUAGE CODE
Language code of text/sound track or separate title eng
082 ## - DEWEY DECIMAL CLASSIFICATION NUMBER
Classification number 001.642
Item number Co 73 In
100 ## - MAIN ENTRY--PERSONAL NAME
Personal name Comer, Douglas E. .
245 #0 - TITLE STATEMENT
Title Internetworking with TCP/IP vol-11;Design implementation, and internals /
Statement of responsibility, etc. Douglas E. Comer,David L Stevens.
Medium Textual Documents
250 ## - EDITION STATEMENT
Edition statement 3rd /
260 ## - PUBLICATION, DISTRIBUTION, ETC.
Place of publication, distribution, etc. New Delhi :
Name of publisher, distributor, etc. Prentice-Hall of India(Pvt Ltd) ,
Date of publication, distribution, etc. 2003.
300 ## - PHYSICAL DESCRIPTION
Extent 660 P :
Other physical details ill ;
Dimensions 23 cm .
504 ## - BIBLIOGRAPHY, ETC. NOTE
Bibliography, etc. note Appendix,Bibliography,Index
653 ## - INDEX TERM--UNCONTROLLED
Uncontrolled term Computer; Design implementation, and internals
942 ## - ADDED ENTRY ELEMENTS (KOHA)
Source of classification or shelving scheme Dewey Decimal Classification
Koha item type Books
Holdings
Withdrawn status Lost status Damaged status Not for loan Collection Home library Current library Date acquired Coded location qualifier Total checkouts Full call number Barcode Date last seen Copy number Price effective from Koha item type
          Dr. Suryya Kumar Bhuyan Library Dr. Suryya Kumar Bhuyan Library 01/02/2012 00000   001.642 Co 73 In 89794/Com 13/01/2024 1 01/02/2012 Books
          Dr. Suryya Kumar Bhuyan Library Dr. Suryya Kumar Bhuyan Library 01/02/2012 00000   001.642 Co 73 In 1223/el 13/01/2024 2 01/02/2012 Books

Designed and Maintained by Team SKBL
©1901-2026

Powered by Koha